书目信息 |
| 题名: |
火法冶金
|
|
| 作者: | 刘自力 , 陈利生 主编 | |
| 分册: | ||
| 出版信息: | 北京 冶金工业出版社 2010 |
|
| 页数: | 104页 | |
| 开本: | 26cm | |
| 丛书名: | ||
| 单 册: | ||
| 中图分类: | TF8 | |
| 科图分类: | ||
| 主题词: | 有色金属--教材--高等职业教育--精炼(冶金) | |
| 电子资源: | ||
| ISBN: | 978-7-5024-5390-9 | |
| 000 | 00982nam0 2200253 450 | |
| 001 | 3688 | |
| 005 | 20160926153942.40 | |
| 010 | @a978-7-5024-5390-9@b平装@dCNY18.00 | |
| 100 | @a20101201d2010 em y0chiy50 ea | |
| 101 | 0 | @achi |
| 102 | @aCN@b110000 | |
| 105 | @aa z 000yy | |
| 200 | 1 | @a火法冶金@9huo fa ye jin@e粗金属精炼技术@f刘自力,陈利生主编 |
| 210 | @a北京@c冶金工业出版社@d2010 | |
| 215 | @a104页@c图@d26cm | |
| 300 | @a高职高专“十二五”规划教材 国家示范性高职院校建设项目成果教材 | |
| 330 | @a本书以常用金属铜、铅、锡、锌的粗金属为原料,讲述了粗金属火法精炼的基础理论、工艺流程、设备结构及操作技术,包括粗铅火法精炼、粗锡火法精炼、粗锌精馏精炼、粗铜火法精炼等内容。 | |
| 517 | 1 | @a粗金属精炼技术@9cu jin shu jing lian ji shu |
| 606 | 0 | @a有色金属@j教材@x高等职业教育@x精炼(冶金) |
| 690 | @aTF8@v4 | |
| 701 | 0 | @a刘自力@9liu zi li@c(冶金)@4主编 |
| 701 | 0 | @a陈利生@9chen li sheng@4主编 |
| 801 | 0 | @aCN@b唐山师范学院图书馆@c20151001 |
| 905 | @aZUCC@dTF8@e36 | |
| 火法冶金:粗金属精炼技术/刘自力,陈利生主编.-北京:冶金工业出版社,2010 |
| 104页:图;26cm |
| 高职高专“十二五”规划教材 国家示范性高职院校建设项目成果教材 |
| ISBN 978-7-5024-5390-9(平装):CNY18.00 |
| 本书以常用金属铜、铅、锡、锌的粗金属为原料,讲述了粗金属火法精炼的基础理论、工艺流程、设备结构及操作技术,包括粗铅火法精炼、粗锡火法精炼、粗锌精馏精炼、粗铜火法精炼等内容。 |
| ● |
| 相关链接 |
|
|
|
|
正题名:火法冶金
索取号:TF8/36
 
预约/预借
| 序号 | 登录号 | 条形码 | 馆藏地/架位号 | 状态 | 备注 |
| 1 | 905806 | 209058062 | 第二样本阅览室/ [索取号:TF8/36] | 在馆 | |
| 2 | 905807 | 209058071 | 第三借阅区/ [索取号:TF8/36] | 在馆 | |
| 3 | 905808 | 209058080 | 第三借阅区/ [索取号:TF8/36] | 在馆 | |
| 4 | 905809 | 209058099 | 第三借阅区/ [索取号:TF8/36] | 在馆 | |
| 5 | 905810 | 209058106 | 第三借阅区/ [索取号:TF8/36] | 在馆 |